000 00343nam a2200133Ia 4500
005 20260328104326.0
008 260328s9999||||xx |||||||||||||| ||und||
100 _aAsimov, Isaac
245 0 _aEl Futuro, una visión del Año 2000 Desde el Siglo XIX /
_cIsaac Asimov
260 _bAlianza
300 _a100 p.
650 _aARTE
942 _cBK
999 _c11546
_d11546